00323nam a2200133Ia 4500008004100000020001500041041001200056082001600068100001800084245003500102260003600137300000800173650000800181221030s9999 xx 000 0 und d a8178083329 aEnglish a105.23bKol aH. Kolimbiris 0aDigital Communications Systems bAddison WesleyaNew Delhic2001 a466 aECE